LIBRARY & INFORMATION CENTRE, KCAET, TAVANUR

ONLINE PUBLIC ACCESS CATALOGUE (OPAC)

Solar power plants / (Record no. 1982)

MARC details
000 -LEADER
fixed length control field 00457cam a2200193ua 4500
020 ## - INTERNATIONAL STANDARD BOOK NUMBER
ISBN 0-387-18897-5
041 ## - LANGUAGE CODE
Language code of text/sound track or separate title eng
082 ## - DEWEY DECIMAL CLASSIFICATION NUMBER
Classification number 621.47
Item number WIN/SO
100 ## - MAIN ENTRY--AUTHOR NAME
Personal name Winter, C.J .
245 ## - TITLE STATEMENT
Title Solar power plants /
250 ## - EDITION STATEMENT
Edition statement 1 /
260 ## - PUBLICATION, DISTRIBUTION, ETC. (IMPRINT)
Place of publication :
Name of publisher Springer Verlag ,
Year of publication 1991.
300 ## - PHYSICAL DESCRIPTION
Number of Pages 420 ; .
700 1# - ADDED ENTRY--PERSONAL NAME
Personal name Sizmann, .
700 1# - ADDED ENTRY--PERSONAL NAME
Personal name Vam-Hull, L L .
942 ## - ADDED ENTRY ELEMENTS (KOHA)
Koha item type Books
Holdings
Withdrawn status Lost status Damaged status Home library Current library Date acquired Full call number Accession Number Koha item type
      KAUAET KAUAET 07/04/2012 621.47 18108 Books
free website counter